[Event "Busevec op U20 Girls"]
[Site "Busevec"]
[Date "2002.06.01"]
[Round "6"]
[White "Crnko, Ivana"]
[Black "Juric, Mariana"]
[Result "0-1"]
[WhiteElo "1600"]
[BlackElo "1640"]
[PlyCount "104"]
[EventDate "2002.05.??"]
[EventType "swiss"]
[EventRounds "9"]
[EventCountry "CRO"]
[SourceTitle "EXT 2006"]
[Source "ChessBase"]
[SourceDate "2005.11.24"]
[SourceVersion "1"]
[SourceVersionDate "2005.11.24"]
[SourceQuality "1"]

1. e4 e5 2. Nf3 Nc6 3. Nc3 Nf6 4. Bc4 Bc5 5. d3 h6 6. 0-0 d6 7. h3 Be6 8. Bxe6 fxe6 9. Na4 Bb4 10. c3 Ba5 11. Qb3 Qc8 12. Be3 Rb8 13. Rae1 b5 14. d4 bxa4 15. Qxa4 Qa6 16. Rd1 Nxe4 17. dxe5 0-0 18. exd6 cxd6 19. Qxe4 Nd8 20. b4 Bc7 21. Qg6 Rf6 22. Qe8+ Kh7 23. Qh5 Kg8 24. Rfe1 Nc6 25. Qg4 Qxa2 26. Rd2 Qb3 27. Nd4 Qxc3 28. Nxc6 Qxc6 29. Bd4 e5 30. Bxa7 Ra8 31. Be3 Ra4 32. Rb2 Bb6 33. Bxb6 Qxb6 34. Re3 Rf4 35. Qg6 Ra1+ 36. Kh2 Rf6 37. Qe8+ Kh7 38. Rg3 Qa7 39. b5 Rc1 40. b6 Qb7 41. Rb4 Rc8 42. Qh5 Rg8 43. Qh4 d5 44. Qg4 Rxb6 45. Qf5+ g6 46. Rxb6 Qxb6 47. Qxe5 d4 48. Qe7+ Rg7 49. Qe4 Qd6 50. Kg1 Rd7 51. Rd3 Re7 52. Qxd4 Re1# 0-1

[Event "Busevec op U20 Girls"]
[Site "Busevec"]
[Date "2002.06.01"]
[Round "5"]
[White "Vnucec, Marina"]
[Black "Crnko, Ivana"]
[Result "1-0"]
[WhiteElo "1769"]
[BlackElo "1600"]
[PlyCount "96"]
[EventDate "2002.05.??"]
[EventType "swiss"]
[EventRounds "9"]
[EventCountry "CRO"]
[SourceTitle "EXT 2006"]
[Source "ChessBase"]
[SourceDate "2005.11.24"]
[SourceVersion "1"]
[SourceVersionDate "2005.11.24"]
[SourceQuality "1"]

1. e4 e5 2. Nf3 Nc6 3. Bc4 Nf6 4. Nc3 Bc5 5. d3 d6 6. Bg5 h6 7. Bh4 Ne7 8. Qd2 Ng6 9. Bxf6 Qxf6 10. Nd5 Qd8 11. h3 c6 12. Nc3 0-0 13. 0-0-0 a6 14. a3 Nf4 15. Rdg1 d5 16. exd5 cxd5 17. Ba2 Qd6 18. g4 Re8 19. Nh4 e4 20. dxe4 dxe4 21. Qxd6 Bxd6 22. Re1 Be6 23. Bxe6 Nxe6 24. Nxe4 Bf4+ 25. Kb1 Rac8 26. Nf5 Rcd8 27. Rd1 Rxd1+ 28. Rxd1 Ng5 29. Nxg5 Bxg5 30. Rd7 b5 31. Nd6 Re1+ 32. Ka2 Rd1 33. Kb3 Rd2 34. f3 Bf4 35. Rd8+ Kh7 36. Nxf7 Kg6 37. Rxd2 Bxd2 38. Nd6 Kg5 39. Ne4+ Kf4 40. Nxd2 Kg3 41. Kb4 Kxh3 42. Ka5 g6 43. Kxa6 h5 44. gxh5 gxh5 45. Ne4 h4 46. Ng5+ Kg3 47. Kxb5 Kf4 48. Nh3+ Kxf3 1-0

[Event "Busevec op U20 Girls"]
[Site "Busevec"]
[Date "2002.05.31"]
[Round "4"]
[White "Robic, Monika"]
[Black "Crnko, Ivana"]
[Result "1-0"]
[WhiteElo "1609"]
[BlackElo "1600"]
[PlyCount "93"]
[EventDate "2002.05.??"]
[EventType "swiss"]
[EventRounds "9"]
[EventCountry "CRO"]
[SourceTitle "EXT 2006"]
[Source "ChessBase"]
[SourceDate "2005.11.24"]
[SourceVersion "1"]
[SourceVersionDate "2005.11.24"]
[SourceQuality "1"]

1. e4 e5 2. Nf3 Nc6 3. Bc4 Nf6 4. d3 Bc5 5. h3 d6 6. Ng5 d5 7. exd5 Nxd5 8. Qf3 f6 9. Bxd5 Nd4 10. Bf7+ Ke7 11. Qd1 h6 12. Ne4 Kxf7 13. Nxc5 Qd5 14. Ne4 Bf5 15. Nbc3 Qc6 16. f3 Bd7 17. Be3 Nf5 18. Bf2 Rhe8 19. Qd2 Nd4 20. Be3 Qb6 21. b3 Qa5 22. 0-0 Re6 23. f4 Nf5 24. Nd1 Qd5 25. Ndc3 Qa5 26. Ne2 Qxd2 27. Bxd2 Rc6 28. c4 Rd8 29. fxe5 fxe5 30. N2g3 Rg6 31. Rf3 Rf8 32. Bb4 Re8 33. Nxf5 Bxf5 34. Rxf5+ Ke6 35. Raf1 Rd8 36. R1f3 b6 37. Bc3 c6 38. Rxe5+ Kd7 39. Rf7+ Kc8 40. Rxa7 Rxd3 41. Re8+ Rd8 42. Ra8+ Kb7 43. Rexd8 c5 44. Rab8+ Kc7 45. Be5+ Kc6 46. Rbc8+ Kb7 47. Nd6+ 1-0